| 000 | 00711nam a2200217Ia 4500 | ||
|---|---|---|---|
| 005 | 20220916112417.0 | ||
| 008 | 210716s2009 xx 000 0 und d | ||
| 020 | _a9788126533848 | ||
| 040 | _cAIMIT LIBRARY | ||
| 041 | _aeng | ||
| 082 |
_a005.3068 _26 _bWYSR |
||
| 100 |
_aWysocki, Robert K. _957762 |
||
| 245 |
_aEffective project management : _btraditional agile extreme / _cBy Robert K. Wysocki. |
||
| 250 | _a5 | ||
| 260 |
_aNew Delhi : _bWiley India Pvt Ltd , _c2009. |
||
| 300 |
_alviii,734 p. ; _c24.5 cm. |
||
| 650 |
_aWhat is project management _957763 |
||
| 650 |
_aTraditional project management _957764 |
||
| 650 |
_aExtreme project management _957765 |
||
| 942 |
_2ddc _cBK _e6th _k005.3068 WYSR |
||
| 999 |
_c190535 _d190535 |
||